000 00674nam a2200205 i 4500
001 45134
003 ES-MaACL
005 20230906161148.0
007 t|
008 030325s1930 mx ||||1| spa d
100 1 _aClavijero, Francisco Xavier.
_939140
245 1 0 _aOrigen de la población de América /
_cClavijero.
260 _aMéxico :
_bEdiciones de la Secretaría de Educación Pública,
_c1930.
300 _aVIII, 61 p., 3 lám. ;
_c22 cm.
490 1 _aLos clásicos de la historia ;
_v1
650 0 4 _aIndios de América-
_xOrigen.
_913673
830 0 _aLos clásicos de la historia ;
_v1
_9229926
852 _aES-MaACL
_j1946-F-9
999 _c45134
_d45134